00625 a2200193 4500003000400000005001700004008004100021020001800062040000900080082002000089100002300109245003800132250001200170260004300182300000900225942004600234952013400280999001700414OSt20240207155756.0240207b |||||||| |||| 00| 0 eng d a9789383756834 coclc a894.8125bSAT/S aSathyan, P P91784 aSambhashanangal /c P. P Sathyan  a1st ed. aKozhikode:bOlive Publications,c2015. a89p. 2ddccBKh894.8125iSAT/Sk894.8125mSAT/S 00102ddc40708SPEECHESaMESbMEScMALd2024-02-07l0o894.8125 SAT/Sp45222r2024-02-07 15:58:29v75.00w2024-02-07yBKzGR1R5 c44373d44373